00453nam a2200169Ia 4500003000400000005001700004008004100021020001800062040000900080082001700089100001800106245005600124250001300180260004800193300001000241650003200251OSt20200819094935.0190216s9999||||xx |||||||||||||| ||und|| a9780198728726 coclc a541.3bATK/P aAtkins, Peter 0aPhysical Chemistry /cPeter Atkins ; Julio De Paula a10th Ed. bOxford University Press,c2002.aNew Delhi: a1008p aPeter Atkins Julio De Paula